000 00807nam a2200253Ia 4500
003 OSt
005 20220923211230.0
006 a|||||r|||| 00| 0
007 ta
008 Pun
020 _a9788171166091 (hbk)
_c200
024 _a273,822
037 _b675, 04/06/2013, H.K. Prakashan
_cTextual
040 _aARTS
_cARTS
_bPun
041 _2Pun
_aPun
082 _aO153,1NHA:g, Q3
100 _aਕਰਾਂਤੀ ਪਾਲ
_9156278
245 0 _aਹਰਿਨਾਮ
_b ਜੀਵਨ ਤੇ ਰਚਨਾ
260 _aਦਿੱਲੀ
_b ਨੈFਨਲ ਬੁਕ Fਾਪ
_c2013
300 _a120ਪੰ
_ccm.
650 _aਪੰਜਾਬੀ ਸਾਹਿਤ
942 _hO153,1NHA:g, Q3
_cTEXL
_2CC
999 _c297343
_d297343